| 000 | 00683cam a2200229 i 4500 | ||
|---|---|---|---|
| 001 | 110161 | ||
| 005 | 20230410132852.0 | ||
| 008 | 130523b2011 nyua 000 0 eng | ||
| 020 | _a9781851689033 | ||
| 041 | 0 | _aeng | |
| 049 | _aGRAL | ||
| 050 | 1 | 4 |
_aB HV 6692 _bM183H 2011 |
| 100 | 1 | _aHenriques, Diana B. | |
| 245 | 1 | 0 |
_aBernie Madoff, the wizard of lies : _binside the infamous $65 billion swindle / _cDiana B. Henriques |
| 260 |
_aNew York : _bOneworld, _c2011 |
||
| 300 | _axxiv, 419 p. | ||
| 600 | 1 | 0 | _aMadoff, Bernard L. |
| 650 | 0 |
_aSwindlers and swindling _zUnited States _vBiography. |
|
| 650 | 4 |
_aEstafadores y estafa _vBiografia |
|
| 942 |
_2lcc _cbk |
||
| 946 | _aYSL | ||
| 999 |
_c89251 _d89251 |
||